000 00785nmm a2200265 a 4500
003 AR-BaBNM
005 20251128211342.0
008 104020s2003 ||||||||||||||000 | spa||
020 _a84-7432-777-6
040 _cAR-BaBNM
100 1 _aPowell, Stuart
245 1 0 _aVolver a estudiar
_buna guía imprescindible para profesionales que quieran mejorar su capacitación
250 _a1ª ed.
260 _aBarcelona
_bGedisa
_c2003
300 0 _a190 p.
500 0 _aContiene índice temático
504 _aContiene referencias bibliográficas y lecturas recomendadas p. 179-188
650 4 _aESTUDIANTES UNIVERSITARIOS
650 4 _aGRADUADOS
650 4 _aTESIS
650 4 _aPROYECTOS
700 1 _aFilella Escolà, Roc
_etraductor
942 _cBK
998 _craquel
999 _c19293
_d19293